000 00862cab a2200265 4500
001 WB3306-39
008 090401t1997 xxu||||| |||| 00| 0 eng d
035 _a(Sirsi) u44048
041 _aeng
245 _a`subject to licence` correspondence
260 _c1997
350 _a0
490 _aEstates Gazette
_v(9705) 1 February 1997, 156(1)
520 _aDiscusses the legal significance of `subject to` caveats in correspondence. Uses case law to illustrate the problems that can arise.
650 _aCAVEATS
650 _aCORRESPONDENCE
650 _aGLASS GALLERY V NEXT PROPERTIES
650 _aMOUNT EDEN LAND V PRUDENTIAL ASSURANCE
650 _aSUBJECT TO CONTRACT
650 _aSUBJECT TO LICENCE
650 _aSUBJECT TO SURVEY
690 _aMANAGEMENT-BUSINESS MANAGEMENT-PROFESSIONAL PRACTICE
942 _n0
948 _c04/03/1997
999 _c28084
_d28084